000 00426nam a2200181Ia 4500
008 220531s9999 xx 000 0 und d
041 _aeng
082 _bTIL
100 _aTilak, Raghukul
_948330
245 _aStudies In Poets : John Donne : Select Poems
250 _a1ST
260 _bRama
_c2002
300 _a269
542 _d31-03-2006
650 _aEnglish
_948331
906 _d2005-2006
999 _c28292
_d28292